| 000 | 00728nam a22001577a 4500 | ||
|---|---|---|---|
| 003 | OSt | ||
| 005 | 20160104153327.0 | ||
| 008 | 160104b xxu||||| |||| 00| 0 eng d | ||
| 040 | _cRUA | ||
| 082 | _aLMA PHE 2013 B317 Or.1 | ||
| 100 |
_95983 _aPHENG, SOKUN. |
||
| 245 | _aDetail survey for establishing cad astral map by using simple and modern surveying instruments, ការវាស់វែងលំអិតក្បាលដីសម្រាប់ការកសាងផែនទីសុរិយោដីដោយប្រើប្រាស់ឧបករណ៍វាស់វែងសាមញ្ញ និងទំនើប | ||
| 260 |
_aPhnom Penh _bRUA _c2013 |
||
| 300 |
_axi; 50p. _bill. _c29cm. |
||
| 942 |
_2ddc _cLMA |
||
| 999 |
_c5580 _d5580 |
||